[Event "RUS Cup (Women) 3rd"]
[Site "Voronezh"]
[Date "2004.11.17"]
[Round "5"]
[White "Movsesian, Julia"]
[Black "Pogonina, Natalija"]
[Result "1-0"]
[WhiteElo "2311"]
[BlackElo "2385"]
[PlyCount "67"]
[EventDate "2004.11.13"]
[EventType "tourn"]
[EventRounds "11"]
[EventCountry "RUS"]
[EventCategory "2"]
[SourceTitle "CBM 103 Extra"]
[Source "ChessBase"]
[SourceDate "2005.01.01"]
[SourceVersion "1"]
[SourceVersionDate "2005.01.01"]
[SourceQuality "1"]

1. e4 c5 2. Nf3 d6 3. d4 cxd4 4. Qxd4 Nc6 5. Bb5 Bd7 6. Bxc6 Bxc6 7. Nc3 Nf6 8.
Bg5 e6 9. O-O-O Be7 10. Qd3 O-O 11. Nd4 Rc8 12. f4 Qa5 13. Kb1 Rfe8 14. f5 Nxe4
15. Nxc6 Rxc6 16. Nxe4 exf5 17. Bxe7 fxe4 18. Qxe4 Rc7 19. Rhe1 h6 20. Qh4 Qf5
21. Bxd6 Qxc2+ 22. Ka1 Re2 23. Rb1 Rc6 24. Rxe2 Qxe2 25. Bb4 Qxg2 26. Qe7 Rf6
27. a3 Kh7 28. Qd8 a6 29. Bc3 Rf2 30. Qd3+ f5 31. Re1 Qg5 32. h4 Qg2 33. Qb1
Qd5 34. Rg1 1-0

[Event "RUS-ch (Women) 1st League"]
[Site "Samara"]
[Date "2005.03.27"]
[Round "5"]
[White "Mashinskaya, Iulia"]
[Black "Movsesian, Julia"]
[Result "0-1"]
[WhiteElo "2420"]
[BlackElo "2303"]
[PlyCount "80"]
[EventDate "2005.03.23"]
[EventType "swiss"]
[EventRounds "9"]
[EventCountry "RUS"]
[SourceTitle "CBM 105 Extra"]
[Source "ChessBase"]
[SourceDate "2005.05.01"]
[SourceVersion "1"]
[SourceVersionDate "2005.05.01"]
[SourceQuality "1"]

1. d4 Nf6 2. Nc3 d5 3. Bg5 e6 4. e4 dxe4 5. Nxe4 Nbd7 6. Nf3 Be7 7. Nxf6+ Nxf6
8. c3 O-O 9. Bd3 b6 10. Bxf6 Bxf6 11. Be4 Rb8 12. Qc2 g6 13. O-O-O b5 14. h4 b4
15. c4 Bb7 16. Bxb7 Rxb7 17. h5 c5 18. hxg6 hxg6 19. d5 exd5 20. Rxd5 Qa5 21.
Kb1 Re8 22. Rhd1 Rbe7 23. Rd7 Re2 24. R1d2 R2e6 25. R7d6 Qc7 26. Rxe6 Rxe6 27.
Qd3 a5 28. g4 Qf4 29. g5 Bxg5 30. Nxg5 Qxg5 31. Kc2 a4 32. Qd8+ Qxd8 33. Rxd8+
Kg7 34. Kd3 Re1 35. Ra8 Rb1 36. Rxa4 Rxb2 37. f4 Rf2 38. Ke4 Rd2 39. f5 gxf5+
40. Kxf5 Rd4 0-1

[Event "RUS-ch (Women) 1st League"]
[Site "Samara"]
[Date "2005.03.29"]
[Round "7"]
[White "Shadrina, Tatiana"]
[Black "Movsesian, Julia"]
[Result "0-1"]
[WhiteElo "2396"]
[BlackElo "2303"]
[PlyCount "72"]
[EventDate "2005.03.23"]
[EventType "swiss"]
[EventRounds "9"]
[EventCountry "RUS"]
[SourceTitle "CBM 105 Extra"]
[Source "ChessBase"]
[SourceDate "2005.05.01"]
[SourceVersion "1"]
[SourceVersionDate "2005.05.01"]
[SourceQuality "1"]

1. e4 c5 2. Nf3 Nc6 3. d4 cxd4 4. Nxd4 Nf6 5. Nc3 e5 6. Ndb5 d6 7. Bg5 a6 8.
Na3 b5 9. Bxf6 gxf6 10. Nd5 f5 11. Bd3 Be6 12. O-O Bxd5 13. exd5 Ne7 14. c3 Bg7
15. Qh5 e4 16. Bc2 Qc8 17. Rad1 O-O 18. Bb1 Ng6 19. Rfe1 Re8 20. Qh3 Kh8 21.
Nc2 Nf4 22. Qg3 Be5 23. Qe3 Rg8 24. g3 Nh3+ 25. Kf1 f4 26. Qxe4 Ng5 27. Qd3
Qh3+ 28. Ke2 Qh5+ 29. Kd2 Nf3+ 30. Kc1 Nxe1 31. Rxe1 Qxh2 32. gxf4 Bxf4+ 33.
Ne3 Rae8 34. Bc2 Rg1 35. Qd4+ Re5 36. Qd1 Qxf2 0-1

[Event "RUS-chT (Women)"]
[Site "Sochi"]
[Date "2005.04.??"]
[Round "5"]
[White "Movsesian, Julia"]
[Black "Shadrina, Tatiana"]
[Result "1-0"]
[WhiteElo "2311"]
[BlackElo "2386"]
[PlyCount "71"]
[EventDate "2005.04.19"]
[EventType "team"]
[EventRounds "11"]
[EventCountry "RUS"]
[SourceTitle "CBM 105 Extra"]
[Source "ChessBase"]
[SourceDate "2005.05.01"]
[SourceVersion "1"]
[SourceVersionDate "2005.05.01"]
[SourceQuality "1"]

1. e4 c5 2. Nf3 d6 3. Bb5+ Bd7 4. Bxd7+ Nxd7 5. b3 Ngf6 6. Qe2 g6 7. Bb2 Bg7 8.
O-O O-O 9. d4 cxd4 10. Bxd4 Qc7 11. c4 a6 12. Bb2 b5 13. Nbd2 b4 14. Rac1 Nc5
15. e5 dxe5 16. Nxe5 a5 17. Bd4 Rfd8 18. Ndf3 Nfe4 19. Bxc5 Nxc5 20. Rcd1 Bf6
21. h3 a4 22. Nd3 Nxd3 23. Rxd3 Rxd3 24. Qxd3 axb3 25. axb3 Ra2 26. Rd1 Bc3 27.
Qd5 Kg7 28. g3 Qa7 29. c5 Ra5 30. Ng5 e5 31. Qd7 Bd4 32. Ne6+ Kf6 33. Qxa7 Rxa7
34. Nxd4 exd4 35. Rxd4 Ra1+ 36. Kg2 1-0

[Event "St Petersburg (Women)"]
[Site "St Petersburg"]
[Date "2006.01.21"]
[Round "5"]
[White "Movsesian, Julia"]
[Black "Doluhanova, Evgeniya"]
[Result "1-0"]
[WhiteElo "2361"]
[BlackElo "2301"]
[PlyCount "107"]
[EventDate "2006.01.17"]
[EventType "tourn"]
[EventRounds "9"]
[EventCountry "RUS"]
[SourceTitle "CBM 110 Extra"]
[Source "ChessBase"]
[SourceDate "2006.03.10"]
[SourceVersion "2"]
[SourceVersionDate "2006.03.10"]
[SourceQuality "1"]

1. e4 g6 2. d4 Bg7 3. Nc3 c6 4. g3 d5 5. exd5 cxd5 6. Bg2 Nf6 7. Nge2 Bf5 8.
O-O Nc6 9. Bf4 O-O 10. h3 h5 11. Qd2 Qd7 12. Kh2 Rad8 13. Rad1 Qc8 14. Bg5 Ne4
15. Nxe4 Bxe4 16. f3 Bf5 17. c3 Qc7 18. Bf4 Qb6 19. g4 hxg4 20. fxg4 Be4 21.
Ng3 Bxg2 22. Qxg2 e5 23. dxe5 Nxe5 24. Rg1 Nc4 25. Bc1 d4 26. cxd4 Rxd4 27.
Rxd4 Bxd4 28. Rf1 Be5 29. Kh1 Bxg3 30. Qxg3 Nxb2 31. Qf3 Kh7 32. Be3 Qc6 33.
Qxc6 bxc6 34. Bc5 Rd8 35. Rxf7+ Kg8 36. Rf6 Rd1+ 37. Bg1 c5 38. Rxg6+ Kf7 39.
Rc6 c4 40. g5 Rd3 41. g6+ Kg7 42. Bxa7 Rxh3+ 43. Kg2 Rd3 44. Bb8 Rd5 45. Kf3
Nd3 46. Ke4 Rc5 47. Rb6 Nf2+ 48. Kd4 Rc8 49. Be5+ Kg8 50. Rb7 c3 51. Rg7+ Kf8
52. Rh7 Rd8+ 53. Kxc3 Ng4 54. g7+ 1-0

[Event "RUS-ch (Women) 56th"]
[Site "Orel"]
[Date "2006.07.01"]
[Round "3"]
[White "Movsesian, Julia"]
[Black "Lomako, Anna"]
[Result "1-0"]
[WhiteElo "2366"]
[BlackElo "2304"]
[PlyCount "55"]
[EventDate "2006.06.28"]
[EventType "swiss"]
[EventRounds "9"]
[EventCountry "RUS"]
[SourceTitle "CBM 113 Extra"]
[Source "ChessBase"]
[SourceDate "2006.09.14"]
[SourceVersion "1"]
[SourceVersionDate "2006.09.14"]
[SourceQuality "1"]

1. e4 c5 2. Nf3 d6 3. d4 cxd4 4. Nxd4 Nf6 5. Nc3 a6 6. Bg5 e6 7. f4 Be7 8. Qf3
Qc7 9. O-O-O Nbd7 10. g4 b5 11. Bxf6 Nxf6 12. g5 Nd7 13. f5 Bxg5+ 14. Kb1 Ne5
15. Qh5 Qd8 16. Rg1 Bf6 17. fxe6 O-O 18. Bh3 fxe6 19. Bxe6+ Kh8 20. Nd5 g6 21.
Qe2 Bb7 22. Qe1 Nc4 23. h4 Bxh4 24. Qc3 Ne5 25. Rh1 Bf2 26. Qh3 h5 27. Nf5 Bxd5
28. Qxh5+ 1-0

[Event "CZE-chT1W 1011"]
[Site "Czech Republic"]
[Date "2010.11.28"]
[Round "4.3"]
[White "Movsesian, Julia"]
[Black "Juptner, Jan"]
[Result "1-0"]
[WhiteElo "2327"]
[BlackElo "2312"]
[PlyCount "63"]
[EventDate "2010.10.10"]
[EventType "team-tourn"]
[EventRounds "11"]
[EventCountry "CZE"]
[SourceTitle "EXT 2012"]
[Source "ChessBase"]
[SourceDate "2011.11.24"]
[SourceVersion "1"]
[SourceVersionDate "2011.11.24"]
[SourceQuality "1"]
[WhiteTeam "Novoborsky II"]
[BlackTeam "Hradec Kralove"]
[WhiteTeamCountry "CZE"]
[BlackTeamCountry "CZE"]

1. e4 c5 2. Nf3 d6 3. d4 cxd4 4. Nxd4 Nf6 5. Nc3 a6 6. Be2 e6 7. O-O Be7 8. f4
Qc7 9. Kh1 O-O 10. Be3 b5 11. a3 Bb7 12. Bd3 Nbd7 13. Qf3 Nc5 14. Rae1 d5 15.
e5 Nfe4 16. Bxe4 Nxe4 17. Nxe4 dxe4 18. Qg3 Bd5 19. f5 g6 20. f6 Bc5 21. b4 Ba7
22. Qg5 Kh8 23. Rf4 Qc3 24. Bf2 Qd2 25. Qh6 Rg8 26. Re3 Qd1+ 27. Bg1 Bxd4 28.
Rh4 Qxg1+ 29. Kxg1 Bxe3+ 30. Qxe3 g5 31. Rh5 Rg6 32. Qh3 1-0

[Event "CZE-chT1W 1213"]
[Site "Czech Republic"]
[Date "2013.03.17"]
[Round "9.2"]
[White "Movsesian, Julia"]
[Black "Mazur, Stefan"]
[Result "1-0"]
[WhiteElo "2304"]
[BlackElo "2388"]
[PlyCount "189"]
[EventDate "2012.10.28"]
[EventType "team-tourn"]
[EventRounds "11"]
[EventCountry "CZE"]
[SourceTitle "EXT 2014"]
[Source "ChessBase"]
[SourceDate "2013.11.20"]
[SourceVersion "1"]
[SourceVersionDate "2013.11.20"]
[SourceQuality "1"]
[WhiteTeam "Novoborsky II"]
[BlackTeam "Praha Holdia II"]
[WhiteTeamCountry "CZE"]
[BlackTeamCountry "CZE"]

1. e4 e5 2. Nf3 Nc6 3. d4 exd4 4. Nxd4 Bc5 5. Nb3 Bb6 6. Nc3 Nf6 7. Qe2 d6 8.
Be3 O-O 9. O-O-O Re8 10. f3 Be6 11. Kb1 Qe7 12. g4 Bxe3 13. Qxe3 a5 14. Bb5
Red8 15. h4 Na7 16. Be2 a4 17. Nxa4 b5 18. Nc3 b4 19. Nb5 Nxb5 20. Bxb5 c5 21.
g5 Nh5 22. Bc6 Qa7 23. Bxa8 Rxa8 24. Rxd6 Qxa2+ 25. Kc1 Bxb3 26. Rhd1 Qa1+ 27.
Kd2 Qxb2 28. Ke1 Rf8 29. cxb3 Qh2 30. Qf2 Qe5 31. Kf1 Nf4 32. Qg3 c4 33. bxc4
b3 34. Qh2 b2 35. R6d2 f5 36. gxf6 Qxf6 37. Rxb2 Ng6 38. Rf2 Qc3 39. Qd6 Qxc4+
40. Qd3 Qc7 41. Qd5+ Kh8 42. Qd6 Qc8 43. Qg3 Nf4 44. Qg4 Qc4+ 45. Kg1 h5 46.
Qd7 Rf6 47. Kh1 Kh7 48. e5 Rf7 49. Qd4 Qe6 50. Qe4+ g6 51. Rb1 Kh6 52. Qe3 Kh7
53. Rh2 Nd5 54. Qg5 Rxf3 55. Rb7+ Kg8 56. Rb8+ Kg7 57. Rb7+ Kg8 58. Qh6 Ne7 59.
Rb8+ Nc8 60. Rxc8+ Qxc8 61. Qxg6+ Kf8 62. Qh6+ Ke7 63. Qg7+ Rf7 64. Qg5+ Kf8
65. Rg2 Qh3+ 66. Kg1 Qd3 67. Kh2 Qd5 68. Qxh5 Qe4 69. Qg5 Qf4+ 70. Qg3 Rf5 71.
Re2 Qf1 72. Qe3 Rf4 73. Qc5+ Ke8 74. Qc6+ Ke7 75. Qd6+ Ke8 76. Qg6+ Ke7 77.
Qg5+ Ke8 78. Rg2 Qc4 79. Qh5+ Kd7 80. Rd2+ Kc6 81. Qe8+ Kb6 82. Qb8+ Ka5 83.
Qa7+ Kb4 84. Rb2+ Kc3 85. Qa3+ Kd4 86. Rb4 Rxh4+ 87. Kg3 Kxe5 88. Rxc4 Rxc4 89.
Qe7+ Kd5 90. Kf3 Rd4 91. Ke3 Rc4 92. Qf6 Re4+ 93. Kd3 Re5 94. Qd8+ Kc5 95. Qd4+
1-0

[Event "Jakarta Japfa (Women)"]
[Site "Jakarta"]
[Date "2013.04.15"]
[Round "3"]
[White "Movsesian, Julia"]
[Black "Aulia, Medina Warda"]
[Result "1-0"]
[WhiteElo "2314"]
[BlackElo "2321"]
[PlyCount "53"]
[EventDate "2013.04.14"]
[EventType "tourn"]
[EventRounds "10"]
[EventCountry "INA"]
[EventCategory "3"]
[SourceTitle "EXT 2015"]
[Source "ChessBase"]
[SourceDate "2014.11.20"]
[SourceVersion "1"]
[SourceVersionDate "2014.11.20"]
[SourceQuality "1"]

1. e4 e6 2. d4 d5 3. Nd2 Nc6 4. Ngf3 Nf6 5. e5 Nd7 6. c3 Be7 7. Bd3 O-O 8. h4
f6 9. Bxh7+ Kxh7 10. Ng5+ Kg8 11. Qh5 fxg5 12. hxg5 Bxg5 13. Qh7+ Kf7 14. Qh5+
g6 (14... Kg8 15. Qh7+ Kf7 16. Qh5+ Kg8 17. Nf3 Bxc1 18. Rxc1 Rf5 $19) 15. Qh7+
Ke8 16. Qxg6+ Rf7 17. Rh8+ Nf8 18. Ne4 Bxc1 19. Nf6+ Qxf6 (19... Ke7 20. Ng8+
Ke8 21. Nf6+ Ke7 22. Ng8+ Ke8 23. Nf6+) 20. exf6 Bxb2 21. Qh5 Ne7 (21... Bxa1
22. Rxf8+ Kxf8 23. Qh8#) 22. Rd1 (22. fxe7 Kxe7) 22... Bxc3+ 23. Kf1 c5 $4 (
23... Bb4) 24. Rd3 Bxd4 25. Rf3 Neg6 26. Qxg6 c4 27. Rfh3 1-0

[Event "Jakarta Japfa (Women)"]
[Site "Jakarta"]
[Date "2013.04.16"]
[Round "4"]
[White "Movsesian, Julia"]
[Black "Milliet, Sophie"]
[Result "1-0"]
[WhiteElo "2314"]
[BlackElo "2394"]
[PlyCount "111"]
[EventDate "2013.04.14"]
[EventType "tourn"]
[EventRounds "10"]
[EventCountry "INA"]
[EventCategory "3"]
[SourceTitle "EXT 2015"]
[Source "ChessBase"]
[SourceDate "2014.11.20"]
[SourceVersion "1"]
[SourceVersionDate "2014.11.20"]
[SourceQuality "1"]

1. c4 e5 2. Nc3 Nf6 3. Nf3 Nc6 4. g3 Bb4 5. Bg2 O-O 6. O-O e4 7. Ng5 Bxc3 8.
bxc3 Re8 9. d3 exd3 10. exd3 b6 11. Bf4 Bb7 12. c5 Na5 13. Bxb7 Nxb7 14. Qb3
Re7 15. d4 Na5 16. Qa4 h6 17. Nf3 d6 18. Rad1 Nd5 19. Bd2 Qe8 20. Qc2 Qb5 21.
cxd6 cxd6 22. Nh4 Rc8 23. Qf5 Qc6 24. Qg4 Re6 25. Nf5 Rg6 26. Qe4 Re8 27. Qf3
Ree6 28. Rfe1 Kh8 29. Rxe6 fxe6 30. Nh4 Rf6 31. Qh5 Kg8 32. Qg4 Nc4 33. Bc1
Nxc3 34. Re1 d5 35. Ng6 Kh7 36. Rxe6 Qc8 37. Nf4 Ne4 38. Nh5 Qf8 39. Nxf6+ Nxf6
40. Qf5+ Kg8 41. Bf4 Qf7 42. Rc6 Ne8 43. Qg4 Kh7 44. h4 b5 45. Qe2 Qd7 46. Re6
Nf6 47. Re7 Qf5 48. Rxa7 Ne4 49. Kg2 Qf6 50. Qg4 Ned6 51. h5 Kg8 52. Ra8+ Kh7
53. Qg6+ Qxg6 54. hxg6+ Kxg6 55. Bxd6 Nxd6 56. Ra6 1-0

[Event "SVK-ch op"]
[Site "Banska Stiavnica"]
[Date "2013.07.09"]
[Round "4"]
[White "Nagy, Gabor"]
[Black "Movsesian, Julia"]
[Result "0-1"]
[WhiteElo "2449"]
[BlackElo "2328"]
[PlyCount "164"]
[EventDate "2013.07.06"]
[EventType "swiss"]
[EventRounds "9"]
[EventCountry "SVK"]
[SourceTitle "CBM 155 Extra"]
[Source "ChessBase"]
[SourceDate "2013.08.26"]
[SourceVersion "1"]
[SourceVersionDate "2013.08.26"]
[SourceQuality "1"]

1. d4 d5 2. c4 e6 3. Nf3 Nf6 4. g3 Bb4+ 5. Nbd2 O-O 6. Bg2 c5 7. dxc5 Nc6 8.
O-O Bxc5 9. Qc2 Qe7 10. a3 dxc4 11. Nxc4 Bd7 12. b4 Nd4 13. Qb2 Nxf3+ 14. Bxf3
Bb5 15. Na5 Bb6 16. Qe5 Qd7 17. Bb2 Bc7 18. Qg5 h6 19. Qh4 Bxa5 20. bxa5 Nd5
21. Rfd1 Qe7 22. Qd4 Nf6 23. Qf4 Rad8 24. g4 Rxd1+ 25. Rxd1 Rd8 26. Rxd8+ Qxd8
27. Kg2 Qxa5 28. Qb8+ Ne8 29. Qxb7 Qa4 30. Bc3 a6 31. Bb4 Qd1 32. Qa8 Kh7 33.
Qe4+ Kg8 34. h4 Qd8 35. Kh3 Qd1 36. Bc3 Nf6 37. Qa8+ Ne8 38. Kg2 Qd6 39. Bb4
Qd1 40. g5 hxg5 41. hxg5 Qd4 42. Qc8 Qe5 43. Qc5 Qf4 44. Qe7 Kh7 45. Bc5 Qf5
46. Be3 Kg8 47. Kg3 Qb1 48. Kg2 Qf5 49. Qc5 Qb1 50. Qd4 Qa2 51. Qh4 Bxe2 52.
Be4 f5 53. g6 Qc4 54. f3 Bxf3+ 55. Kg1 Nf6 56. Qg3 Qb3 57. Bd3 Bc6 58. Bc5 f4
59. Qh3 Qd5 60. Be7 Qe5 61. Bxf6 Qxf6 62. Kf1 Qa1+ 63. Kf2 Qd4+ 64. Ke1 Bd5 65.
Bxa6 f3 66. Qg3 e5 67. Qh3 Qe4+ 68. Kf2 Qc2+ 69. Kf1 Qd1+ 70. Kf2 Qd4+ 71. Ke1
Qa1+ 72. Kf2 Qd4+ 73. Ke1 Qc3+ 74. Kf2 Qc5+ 75. Kf1 Qc1+ 76. Kf2 Qc5+ 77. Kf1
Qc1+ 78. Kf2 Qd2+ 79. Kf1 Qd1+ 80. Kf2 Qd4+ 81. Ke1 Qg1+ 82. Kd2 Qg2+ 0-1

[Event "CZE-chT1W 1314"]
[Site "Czech Republic"]
[Date "2013.10.20"]
[Round "1.3"]
[White "Movsesian, Julia"]
[Black "Kourousis, Epaminondas"]
[Result "1-0"]
[WhiteElo "2354"]
[BlackElo "2364"]
[PlyCount "89"]
[EventDate "2013.10.20"]
[EventType "team-tourn"]
[EventRounds "11"]
[EventCountry "CZE"]
[SourceTitle "EXT 2014"]
[Source "ChessBase"]
[SourceDate "2013.11.20"]
[SourceVersion "1"]
[SourceVersionDate "2013.11.20"]
[SourceQuality "1"]
[WhiteTeam "Novoborsky II"]
[BlackTeam "Mahrla"]
[WhiteTeamCountry "CZE"]
[BlackTeamCountry "CZE"]

1. e4 c6 2. d4 d5 3. Nc3 dxe4 4. Nxe4 Nd7 5. Ng5 Ndf6 6. Bd3 h6 7. N5f3 e6 8.
Ne2 Bd6 9. O-O Ne7 10. c4 b6 11. Bd2 O-O 12. Bc3 Bb7 13. Ng3 c5 14. dxc5 Bxg3
15. hxg3 bxc5 16. Qe2 Nf5 17. Bxf5 exf5 18. Rad1 Qb6 19. Qe5 Rfe8 20. Qxf5 Ne4
21. Rd7 Rf8 22. Qe5 Nxc3 23. Qxc3 Bxf3 24. gxf3 Rab8 25. b3 a5 26. Rfd1 a4 27.
R1d3 axb3 28. axb3 Rfe8 29. Kg2 Re2 30. R7d6 Qc7 31. Rd2 Rxd2 32. Rxd2 h5 33.
Rd5 g6 34. Qe3 Qb6 35. Rxc5 Qxb3 36. Rb5 Rxb5 37. Qe8+ Kg7 38. cxb5 Qb4 39.
Qe5+ Kh7 40. Qd5 Kg7 41. Qc6 h4 42. b6 hxg3 43. Kxg3 g5 44. Qc7 Qh4+ 45. Kg2
1-0

[Event "BL 1415 (Women)"]
[Site "Germany"]
[Date "2014.09.28"]
[Round "2.1"]
[White "Movsesian, Julia"]
[Black "Foisor, Cristina Adela B"]
[Result "1-0"]
[WhiteElo "2327"]
[BlackElo "2398"]
[PlyCount "105"]
[EventDate "2014.09.27"]
[EventType "team-tourn"]
[EventRounds "11"]
[EventCountry "GER"]
[SourceTitle "CBM 166 Extra"]
[Source "ChessBase"]
[SourceDate "2015.06.18"]
[SourceVersion "1"]
[SourceVersionDate "2015.06.18"]
[SourceQuality "1"]
[WhiteTeam "Rodewisch (W)"]
[BlackTeam "Deizisau (W)"]
[WhiteTeamCountry "GER"]
[BlackTeamCountry "GER"]

1. e4 c6 2. d4 d5 3. Nc3 g6 4. h3 Bg7 5. Nf3 Nf6 6. Bd3 dxe4 7. Nxe4 Nxe4 8.
Bxe4 Nd7 9. O-O O-O 10. c3 c5 11. Bc2 cxd4 12. Nxd4 a6 13. Bg5 Nf6 14. Re1 Qc7
15. Qf3 e5 16. Bxf6 exd4 17. Bxg7 Kxg7 18. Rac1 Qb6 19. cxd4 Qxd4 20. Bb3 Qf6
21. Qxf6+ Kxf6 22. Rc7 b5 23. Rc6+ Kg7 24. Re7 Bf5 25. g4 Bd3 26. Rcc7 Bc4 27.
Bxc4 bxc4 28. Rxc4 Rab8 29. b3 Rb6 30. Rf4 g5 31. Rf5 Kg6 32. Ra7 h5 33. Ra5
hxg4 34. hxg4 f6 35. R5xa6 Rb4 36. Ra4 Rbb8 37. Rd7 Rb6 38. Raa7 f5 39. Rg7+
Kf6 40. gxf5 Rb5 41. Rgb7 Rd5 42. Kg2 g4 43. Rg7 Rd4 44. Kg3 Kxf5 45. Rgf7+
Rxf7 46. Rxf7+ Kg5 47. Rb7 Rd3+ 48. Kg2 Kf5 49. a4 g3 50. fxg3 Rd5 51. Rb5 Kg4
52. Rb4+ Kg5 53. Kh3 1-0

[Event "BL 1516 (Women)"]
[Site "Germany"]
[Date "2015.12.06"]
[Round "4.2"]
[White "Movsesian, Julia"]
[Black "Osmanodja, Filiz"]
[Result "1-0"]
[WhiteElo "2313"]
[BlackElo "2309"]
[PlyCount "105"]
[EventDate "2015.09.26"]
[EventType "team-tourn"]
[EventRounds "11"]
[EventCountry "GER"]
[SourceTitle "EXT 2017"]
[Source "ChessBase"]
[SourceDate "2016.10.25"]
[SourceVersion "1"]
[SourceVersionDate "2016.10.25"]
[SourceQuality "1"]
[WhiteTeam "Rodewisch (W)"]
[BlackTeam "Friedberg (W)"]
[WhiteTeamCountry "GER"]
[BlackTeamCountry "GER"]

1. e4 e5 2. Nf3 Nc6 3. Bc4 Bc5 4. O-O Nf6 5. d3 d6 6. c3 Bb6 7. Nbd2 Ne7 8. Bb3
c6 9. d4 Ng6 10. Nc4 Bc7 11. dxe5 dxe5 12. Qxd8+ Kxd8 13. Bg5 Ke8 14. Rfe1 Be6
15. Rad1 h6 16. Bxf6 gxf6 17. Nd6+ Bxd6 18. Bxe6 fxe6 19. Rxd6 Rd8 20. Rxd8+
Kxd8 21. Rd1+ Ke7 22. g3 f5 23. Kf1 b5 24. Re1 Kf6 25. Rd1 Ke7 26. Ke2 a5 27.
Nd2 a4 28. Nf3 Rc8 29. a3 c5 30. Rc1 Rb8 31. Ra1 Kf6 32. Nd2 c4 33. Rd1 Rb7 34.
Nf1 f4 35. Rd8 Ke7 36. Rc8 Nf8 37. Nd2 Nd7 38. Nf3 Kd6 39. gxf4 exf4 40. Nd4
Rb6 41. Rh8 Nc5 42. Rxh6 Ke7 43. Rh7+ Kd6 44. Kf3 Nd3 45. Nxe6 Nxb2 46. Nxf4
Rb8 47. Rh6+ Kd7 48. e5 Re8 49. Rd6+ Kc8 50. Rd2 Nd3 51. Nxd3 cxd3 52. Ke4 Rh8
53. f4 1-0

[Event "CZE-chT1W 1516"]
[Site "Czech Republic"]
[Date "2016.04.10"]
[Round "11.2"]
[White "Movsesian, Julia"]
[Black "Juptner, Jan"]
[Result "1-0"]
[WhiteElo "2320"]
[BlackElo "2322"]
[PlyCount "97"]
[EventDate "2015.10.11"]
[EventType "team-tourn"]
[EventRounds "11"]
[EventCountry "CZE"]
[SourceTitle "EXT 2017"]
[Source "ChessBase"]
[SourceDate "2016.10.25"]
[SourceVersion "1"]
[SourceVersionDate "2016.10.25"]
[SourceQuality "1"]
[WhiteTeam "Novoborsky II"]
[BlackTeam "Hradec Kralove"]
[WhiteTeamCountry "CZE"]
[BlackTeamCountry "CZE"]

1. e4 c5 2. Nf3 d6 3. Nc3 e5 4. Bc4 Be6 5. d3 Be7 6. Nd5 Nf6 7. Nxf6+ Bxf6 8.
c3 O-O 9. Be3 Nc6 10. O-O Qd7 11. Re1 Rfe8 12. h3 Rab8 13. a4 a6 14. Nh2 Be7
15. Bd5 Bf8 16. Bxe6 Qxe6 17. Nf3 d5 18. Ng5 Qd7 19. exd5 Qxd5 20. Qh5 h6 21.
Ne4 Re6 22. Rad1 c4 23. Qf3 Rd8 24. Bb6 Nd4 25. cxd4 Rxb6 26. dxc4 Qxc4 27.
dxe5 Rxd1 28. Rxd1 Rxb2 29. Rd8 Rb1+ 30. Kh2 Rb4 31. Nf6+ gxf6 32. Qg3+ Kh7 33.
Rxf8 Qf4 34. Rxf7+ Kh8 35. Rxf6 Qxg3+ 36. Kxg3 Kg7 37. f4 a5 38. Rd6 h5 39. Kf3
h4 40. Kg4 Kf8 41. Rd7 Ke8 42. Rh7 b6 43. Kf5 Rxa4 44. Ke6 Kf8 45. f5 Kg8 46.
Rb7 Rb4 47. f6 a4 48. Ke7 Rf4 49. Rxb6 1-0

[Event "Mitropa Cup (Women)"]
[Site "Prague"]
[Date "2016.06.26"]
[Round "8.2"]
[White "Harazinska, Ewa"]
[Black "Movsesian, Julia"]
[Result "0-1"]
[WhiteElo "2301"]
[BlackElo "2337"]
[PlyCount "70"]
[EventDate "2016.06.19"]
[EventType "team-tourn"]
[EventRounds "9"]
[EventCountry "CZE"]
[SourceTitle "CBM 173 Extra"]
[Source "ChessBase"]
[SourceDate "2016.08.29"]
[SourceVersion "1"]
[SourceVersionDate "2016.08.29"]
[SourceQuality "1"]
[WhiteTeam "Poland (W)"]
[BlackTeam "Slovakia (W)"]
[WhiteTeamCountry "POL"]
[BlackTeamCountry "SVK"]

1. d4 d5 2. c4 e6 3. Nc3 Nf6 4. cxd5 exd5 5. Bg5 c6 6. Qc2 Be7 7. e3 Nbd7 8.
Bd3 h6 9. Bh4 Nh5 10. Bxe7 Qxe7 11. Nf3 Nf4 12. O-O Nxd3 13. Qxd3 O-O 14. Rab1
Qf6 15. Na4 Re8 16. b4 Nf8 17. Qd2 Ng6 18. Rfc1 Bf5 19. Rb3 a6 20. Nc5 Re7 21.
a4 Rae8 22. b5 axb5 23. axb5 Bg4 24. Ne1 h5 25. bxc6 bxc6 26. Rb6 Nf4 27. Rcb1
Ne2+ 28. Kf1 Rxe3 29. Rb8 R3e7 30. Rxe8+ Rxe8 31. Rb4 Nf4 32. Qc3 Be2+ 33. Kg1
Bc4 34. Kh1 Ne2 35. Qf3 Nxd4 0-1